LEADER 01504nam0 22003131i 450 001 UON00220188 005 20231205103411.400 010 $a38-7690-459-5 100 $a20030730d1992 |0itac50 ba 101 $ager 102 $aDE 105 $a|||| ||||| 200 1 $aLexikon der russischen Literatur des 20. Jahrhunderts$eVom Beginn des Jahrhunderts bis zum Ende der Sowietara$fWolfgang Kasack 205 $a2.$bneu bearbeitete und wasentlich erweiterte Aufl 210 $aMünchen$cSagner$d1992 215 $a1508 col.$d20 cm. 311 $aSUPPLEMENTO$9UON00223121 440 0$1001UON00223121$12001 $aLexikon der russischen Literatur des 20. Jahrhunderts$eBibliographische und biographische Ergänzungen$fWolfgang Kasack$1210 $aMünchen$cSagner$d2000$1215 $a87 p.$d20 cm.$vSUPPLEMENTO 606 $aLetteratura russa$xSec. 20.$xDizionari enciclopedici$3UONC046906$2FI 676 $a891.7044$cLetteratura russa. 1945-$v21 700 1$aKASACK$bWolfgang$3UONV133453$0611258 790 1$aKAZAK, Vol'fgang$zKASACK, Wolfgang$3UONV133454 790 1$aKAZACK, Wolfgang$yKASACK, Wolfgang$3UONV110178 801 $aIT$bSOL$c20251107$gRICA 899 $aSIBA - SISTEMA BIBLIOTECARIO DI ATENEO$2UONSI 912 $aUON00220188 950 $aSIBA - SISTEMA BIBLIOTECARIO DI ATENEO$dSI S.C RUSSO D 0107 $eSI EO 31892 7 0107 996 $aLexikon der russischen Literatur des 20. Jahrhunderts$91266374 997 $aUNIOR LEADER 01418nam0 22003011i 450 001 UON00306465 005 20231205104034.701 010 $a978-29-16-60607-1 100 $a20080114d2007 |0itac50 ba 101 $afre 102 $aFR 105 $a|||| 1|||| 200 1 $aˆLa ‰protection des droits et libertés au Royaume-Uni$erecherche sur le Human Rights Act, 1998 et les mutations du droit constitutionnel britannique face aux exigences de la Convention européenne des droits de l'homme$fAurèlie Duffy$gpréface de Guy Scoffoni$gavant-propos de Jeffrey Jowell 210 $a[Paris]$cL.G.D.J.$d2007 215 $aXVIII, 636 p.$d24 cm. 410 1$1001UON00306812$12001 $aCollection des Thèses$fFondation Varenne$v8 606 $aDiritto costituzionale$xStudi$3UONC037816$2FI 620 $aFR$dParis$3UONL002984 700 1$aDUFFY$bAurélie$3UONV175687$0696778 702 1$aJOWELL$bJeffrey$3UONV175689 702 1$aScoffoni$bGuy$3UONV175688 712 $aL.G.D.J.$3UONV272792$4650 801 $aIT$bSOL$c20260213$gRICA 899 $aSIBA - SISTEMA BIBLIOTECARIO DI ATENEO E ARCHIVIO STORICO$2UONSI 912 $aUON00306465 950 $aSIBA - SISTEMA BIBLIOTECARIO DI ATENEO E ARCHIVIO STORICO$dSI PUB E 0155 $eSI SC 43054 5 0155 996 $aProtection des droits et libertés au Royaume-Uni$91378235 997 $aUNIOR